| 000 | 01277cam a2200301 a 4500 | ||
|---|---|---|---|
| 001 | 000002090 | ||
| 003 | DO-SdBNP | ||
| 005 | 20251028114243.0 | ||
| 008 | 921104s1991 ve 101 0 spa | ||
| 020 | _z980706720 | ||
| 040 |
_aDO-SdBNP _cDLC _dDLC |
||
| 082 |
_a333.7 _bC749a |
||
| 111 | 2 |
_aCongreso Un Futuro para la Orinoquía-Amazonia _d(1991 : _cFundación Polar and Universidad Simón Bolivar) _96724 |
|
| 245 | 1 | 0 |
_aActas del Congreso Un Futuro para la Orinoquía-Amazonia / _cInstituciones organizadoras, Fundación Terramar ... [et al.] ; editores, María Corina Wallis B., Klaus Jaffé C. |
| 260 |
_aVenezuela : _bs.n., _c1991. |
||
| 300 |
_a152 p. ; _c22 cm. |
||
| 500 | _aIncluye índice | ||
| 650 | 4 |
_aPolítica ambiental _zRegión Río Orinoco (Venezuela y Colombia) _xCongreso _96725 |
|
| 650 | 4 |
_aPolítica ambiental _zVenezuela _xCongreso _96727 |
|
| 651 | 4 |
_aRegión Río Orinoco (Venezuela Y Colombia) _xPolítica económica _xCongreso _96726 |
|
| 651 | 4 |
_aVenezuela _xPolítica económica _xCongreso _926230 |
|
| 700 | 1 |
_aWallis B., María Corina. _eed. _96729 |
|
| 700 | 1 |
_aJaffé, Klaus. _eed. _96730 |
|
| 710 | 2 |
_aFundacion Terramar. _96731 |
|
| 740 | 0 | _aFuturo para la orinoquía-amazonia | |
| 910 | _aCatalogación por copia / LC | ||
| 942 |
_2ddc _cLBS1 |
||
| 999 |
_c1950 _d1950 |
||